عرض عادي
عرض مارك
- Freifelder, David,
مدخل إسم شخص
001 - رقم الضبط
- حقل الضبط: 40069
003 - معرف رقم الضبط
- حقل الضبط: OSt
005 - تاريخ ووقت أخر عملية
- حقل الضبط: 20131116171713.0
008 - عناصر بيانات ثابتة الطول
- حقل تحكم ثابت الطول: 131116|||a|||||| | ||| d
040 ## - مصدر الفهرسة
- هيئة الفهرسة الأصلية: OSt
- وكالة الكتابة: OSt
100 ## - مدخل -- أسم شخص
- إسم شخص: Freifelder, David,
- تواريخ مرتبطة بالاسم: 1935-
- عنوان العمل: Molecular biology.
670 ## - بيانات المصدر موجوده
- الاستشهاد بالمصدر: Work cat.: (OSt)0: Liebaert, Richard M. 1935- 40068, Study guide for biology, /, c1987.
